Provinční gentrifikace v post-socialistickém městě: případ Plzně
Cieľom článku je zistiť, či v meste Plzeň dochádza ku gentrifikácii (džentrifikácii), konkrétne v piatich vymedzených lokalitách, ktoré boli identifikované ako lokality s vhodnými podmienkami pre gentrifikáciu. Zistenia sú spojené so sledovaním stavu budov a ich zmien, stavu modro-zelenej infraštruk...
Saved in:
| Main Author: | |
|---|---|
| Other Authors: | |
| Format: | Book Chapter |
| Language: | Czech English |
| Subjects: | |
| Tags: |
No Tags, Be the first to tag this record!
|
MARC
| LEADER | 00000naa a2200000 4500 | ||
|---|---|---|---|
| 001 | 0299021 | ||
| 005 | 20240205134844.6 | ||
| 041 | 0 | |a cze | |
| 041 | 0 | |a eng | |
| 044 | |a SK | ||
| 245 | 1 | 0 | |a Provinční gentrifikace v post-socialistickém městě: případ Plzně |c Adéla Pancová, Martin Kebza |
| 520 | |a Cieľom článku je zistiť, či v meste Plzeň dochádza ku gentrifikácii (džentrifikácii), konkrétne v piatich vymedzených lokalitách, ktoré boli identifikované ako lokality s vhodnými podmienkami pre gentrifikáciu. Zistenia sú spojené so sledovaním stavu budov a ich zmien, stavu modro-zelenej infraštruktúry či dostupnosti a štruktúry služieb. Terénny výskum a kartografické práce umožnia identifikovať hotspoty gentrifikácie a hotspoty potenciálnej sociálnej segregácie, kde ku gentrifikácii priamo nedochádza. Poznanie priestorového rozloženia procesu gentrifikácie v Plzni umožní diskutovať o súvislostiach, ktoré môžu proces gentrifikácie podporovať, ako napr. geometrická blízkosť historického jadra mesta alebo dostupnosť zastávok verejnej dopravy. | ||
| 610 | 2 | 0 | |a geografia sociálna |
| 610 | 2 | 0 | |a mestá |
| 610 | 2 | 0 | |a vývoj regionálny |
| 610 | 2 | 0 | |a nehnuteľnosti |
| 610 | 2 | 0 | |a javy sociálne |
| 610 | 2 | 0 | |a urbanizácia |
| 610 | 2 | 0 | |a urbanizmus |
| 610 | 2 | 0 | |a socializmus |
| 610 | 2 | 0 | |a Česko |
| 100 | 1 | |a Pancová, Adéla | |
| 700 | 1 | |a Kebza, Martin | |